Glaube und Business - Konturen einer christlichen Ökonomik
| Contributors: | |
|---|---|
| Format: | Print Book |
| Language: | German |
| Subito Delivery Service: | Order now. |
| Check availability: | HBZ Gateway |
| WorldCat: | WorldCat |
| Interlibrary Loan: | Interlibrary Loan for the Fachinformationsdienste (Specialized Information Services in Germany) |
| Published: |
Münster
Lit
2005
|
| In: |
Marktwirtschaft und Ethik (9)
Year: 2005 |
| Edition: | 2. Aufl. |
| Series/Journal: | Marktwirtschaft und Ethik
9 |
| Standardized Subjects / Keyword chains: | B
Economic ethics
/ Christian ethics (motif)
|
| Further subjects: | B
Collection of essays
B Economics Religious aspects Christianity |
| Online Access: |
Table of Contents |
MARC
| LEADER | 00000cam a2200000 c 4500 | ||
|---|---|---|---|
| 001 | 488837863 | ||
| 003 | DE-627 | ||
| 005 | 20250711133823.0 | ||
| 007 | tu | ||
| 008 | 050609s2005 gw ||||| 00| ||ger c | ||
| 010 | |a 2005441713 | ||
| 015 | |a 05,A09,0262 |2 dnb | ||
| 016 | 7 | |a 973537485 |2 DE-101 | |
| 020 | |a 3825875814 |9 3-8258-7581-4 | ||
| 035 | |a (DE-627)488837863 | ||
| 035 | |a (DE-576)117242160 | ||
| 035 | |a (DE-599)GBV488837863 | ||
| 035 | |a (OCoLC)238287891 | ||
| 035 | |a (OCoLC)60333440 | ||
| 040 | |a DE-627 |b ger |c DE-627 |e rakwb | ||
| 041 | |a ger | ||
| 044 | |c XA-DE-NW | ||
| 050 | 0 | |a BR115.E3 | |
| 082 | 0 | 4 | |a 230 |a 330 |
| 082 | 0 | 4 | |a 330 |a 230 |
| 084 | |a 230 |a 330 |2 sdnb | ||
| 084 | |a BL 8040 |2 rvk |0 (DE-625)rvk/12320: | ||
| 084 | |a QC 010 |q OBV |2 rvk |0 (DE-625)rvk/141236: | ||
| 084 | |a BL 8020 |2 rvk |0 (DE-625)rvk/12318: | ||
| 084 | |a 83.02 |2 bkl | ||
| 084 | |a 11.62 |2 bkl | ||
| 245 | 0 | 0 | |a Glaube und Business - Konturen einer christlichen Ökonomik |c Markus Keller; Patrick Maloney [Hrsg.] |
| 250 | |a 2. Aufl. | ||
| 263 | |a kart. | ||
| 264 | 1 | |a Münster |b Lit |c 2005 | |
| 300 | |a X, 87 Seiten |c 21 cm | ||
| 336 | |a Text |b txt |2 rdacontent | ||
| 337 | |a ohne Hilfsmittel zu benutzen |b n |2 rdamedia | ||
| 338 | |a Band |b nc |2 rdacarrier | ||
| 490 | 1 | |a Marktwirtschaft und Ethik |v 9 | |
| 500 | |a Enth. 6 Beitr | ||
| 583 | 1 | |a Archivierung prüfen |c 20210904 |f DE-640 |z 2 |2 pdager | |
| 650 | 0 | |a Economics |x Religious aspects |x Christianity | |
| 655 | 7 | |a Aufsatzsammlung |0 (DE-588)4143413-4 |0 (DE-627)105605727 |0 (DE-576)209726091 |2 gnd-content | |
| 689 | 0 | 0 | |d s |0 (DE-588)4066439-9 |0 (DE-627)104137525 |0 (DE-576)209164603 |2 gnd |a Wirtschaftsethik |
| 689 | 0 | 1 | |d s |0 (DE-588)4069994-8 |0 (DE-627)106101706 |0 (DE-576)209178884 |2 gnd |a Christliche Ethik |
| 689 | 0 | |5 DE-101 | |
| 700 | 1 | |0 (DE-627)1235179672 |0 (DE-576)165179678 |4 oth |a Keller, Markus | |
| 830 | 0 | |a Marktwirtschaft und Ethik |v 9 |9 9.2005 |w (DE-627)234523808 |w (DE-576)051350963 |w (DE-600)1395254-7 |7 am | |
| 856 | 4 | 2 | |u http://bvbr.bib-bvb.de:8991/F?func=service&doc_library=BVB01&doc_number=012998133&line_number=0001&func_code=DB_RECORDS&service_type=MEDIA |m V:DE-604 |q application/pdf |v 20090731000000 |3 Inhaltsverzeichnis |7 1 |
| 935 | |a mteo | ||
| 935 | |i Blocktest | ||
| 936 | r | v | |a BL 8040 |b Wirtschaftstheologie |k Theologie und Religionswissenschaften |k Christliche Gesellschaftslehre |k Wirtschaft |k Wirtschaftstheologie |0 (DE-627)1270729462 |0 (DE-625)rvk/12320: |0 (DE-576)200729462 |
| 936 | r | v | |a QC 010 |b Mensch und Wirtschaft. Wirtschaftliches Verhalten. Motivation. Wirtschaftsethik |k Wirtschaftswissenschaften |k Wirtschaftstheorie, einschließlich Geldtheorie |k Mensch und Wirtschaft. Wirtschaftliches Verhalten. Motivation. Wirtschaftsethik |0 (DE-627)1271174472 |0 (DE-625)rvk/141236: |0 (DE-576)201174472 |
| 936 | r | v | |a BL 8020 |b Wirtschaftsethik |k Theologie und Religionswissenschaften |k Christliche Gesellschaftslehre |k Wirtschaft |k Wirtschaftsethik |0 (DE-627)1270729446 |0 (DE-625)rvk/12318: |0 (DE-576)200729446 |
| 936 | b | k | |a 83.02 |j Philosophie und Theorie der Volkswirtschaft |0 (DE-627)18157070X |
| 936 | b | k | |a 11.62 |j Christliche Ethik |x Religionswissenschaft |0 (DE-627)10640380X |
| 951 | |a BO | ||
| ACO | |a 1 | ||
| ELC | |b 1 | ||
| ORI | |a SA-MARC-ixtheo_oa001.raw | ||
| REL | |a 1 | ||
| STA | 0 | 0 | |a Christian ethics (motif),Christian ethics,Ethics,Economic ethics,Economic ethics |
| STB | 0 | 0 | |a Éthique chrétienne (motif),Éthique chrétienne,Éthique économique,Éthique économique |
| STC | 0 | 0 | |a Ética cristiana,Ética económica,Ética económica |
| STD | 0 | 0 | |a Etica cristiana,Etica economica,Etica economica |
| STE | 0 | 0 | |a 基督教伦理,经济伦理,经济伦理 |
| STF | 0 | 0 | |a 基督教倫理,經濟倫理,經濟倫理 |
| STG | 0 | 0 | |a Ética cristã,Ética econômica,Ética econômica |
| STH | 0 | 0 | |a Христианская этика,Экономическая этика (мотив),Экономическая этика |
| STI | 0 | 0 | |a Οικονομική ηθική (μοτίβο),Οικονομική ηθική,Χριστιανική ηθική |
| SUB | |a REL | ||
| SYG | 0 | 0 | |a Wirtschaft - Wirtschaftsethik,Economic ethics,Wirtschaftsmoral,Wirtschaft , Christliche Moral |



